00293nam a2200133Ia 4500003000400000008004100004082001300045100002000058245001400078250000800092260004200100300000900142650000800151OSt191201s2012 xx 000 0 und d a301bGIS aGIDDENS,Anthony 0aSociology aRep aN. delhibWiley Dreautech Indiac2012 a1192 aBBA